[Event "SVK-chT3A2 0607"]
[Site "Slovakia"]
[Date "2007.03.25"]
[Round "11"]
[White "Lajda, Dusan"]
[Black "Fedor, Miroslav"]
[Result "1-0"]
[WhiteElo "1737"]
[BlackElo "1801"]
[PlyCount "69"]
[EventDate "2006.10.08"]
[EventType "team-tourn"]
[EventRounds "11"]
[EventCountry "SVK"]
[SourceTitle "EXT 2008"]
[Source "ChessBase"]
[SourceDate "2007.11.25"]
[SourceVersion "1"]
[SourceVersionDate "2007.11.25"]
[SourceQuality "1"]
[WhiteTeam "Vrbove"]
[BlackTeam "Osuske II"]
[WhiteTeamCountry "SVK"]
[BlackTeamCountry "SVK"]

1. e4 c5 2. Nf3 Nc6 3. d4 cxd4 4. Nxd4 g6 5. Be3 Bg7 6. Nc3 d6 7. Qd2 Nf6 8. f3 a6 9. 0-0-0 Bd7 10. g4 0-0 11. h4 h5 12. gxh5 Nxh5 13. Be2 Ng3 14. Rhg1 Nxe2+ 15. Qxe2 Bxd4 16. Bxd4 Nxd4 17. Rxd4 Kg7 18. h5 Rh8 19. hxg6 fxg6 20. e5 Qf8 21. exd6 exd6 22. Qd2 Qxf3 23. Rxd6 Bf5 24. Qd4+ Kh6 25. Qh4+ Qh5 26. Qf4+ Kh7 27. Nd5 Qh6 28. Rg5 Qh1+ 29. Kd2 Rhf8 30. Rgxg6 Bxg6 31. Rd7+ Kg8 32. Ne7+ Kg7 33. Nf5+ Kf6 34. Ng3+ Ke6 35. Qd6# 1-0